| 000 | 01299nam a2200277 a 4500 | ||
|---|---|---|---|
| 005 | 20210702121434.0 | ||
| 008 | 210702s2014 ck a|||gr|||| 00| 0 spa d | ||
| 040 |
_aCO-BoUCM _bspa _cDeissy Garcia _dDeissy Garcia |
||
| 041 | 0 | _aspa | |
| 245 | 0 | 0 |
_aAntonio Caro _bsímbolo nacional _cdirección editorial de José Roca y Alejandro Martín ; ensayo por Gina McDaniel Tarver ; traducción: Magdalena Holguín |
| 260 |
_aBogotá _bSeguros Bolívar _c2014 |
||
| 300 |
_a111 páginas _bfotografías |
||
| 490 | 0 | _a Colección de Arte Contemporáneo Seguros Bolívar | |
| 500 | _aBibliografía Básica - Facultad de Creación - Pregrado en Artes - Diseño - Arquitectura | ||
| 504 | _aIncluye referencias bibliográficas | ||
| 600 | 1 | 0 |
_aCaro Lopera, Antonio José _d1950- _vCatálogos _xTrabajos artísticos _9104028 |
| 650 | 7 |
_aArte colombiano _vCatálogos _9104025 |
|
| 650 | 7 |
_aArtistas plásticos colombianos _vCatálogos _9104026 |
|
| 650 | 7 |
_aInstalación (Arte) _vCatálogos _9104027 |
|
| 700 |
_9104019 _aMartín, Alejandro _d1975- _eeditor |
||
| 700 |
_aRoca, José Ignacio _d1962- _eeditor _9104020 |
||
| 700 |
_aTarver, Gina McDaniel _9104029 |
||
| 710 | 1 |
_9104014 _aSeguros Bolívar (Colombia) |
|
| 942 |
_2DEWEY _cLIBRO _a17 _e1 _h709.2861 _mR669a _n0 |
||
| 999 |
_c318987 _d318987 |
||